000 00656nam a2200229Ia 4500
003 OSt
005 20220928123917.0
006 a|||||r|||| 00| 0
007 ta
008 220927b |||||||| |||| 00| 0 eng d
024 _a37888
037 _cTextual
040 _aSDCL
_cSDCL
_beng
041 _2eng
_aeng
082 _aX9(L:5):89Q8.73'N9, N7
100 _aSloan M Daniel
_9462158
245 0 _aUsing designed experiments to shrink health care costs
260 _aMilwaukee
_bASQC Quality Press
_c1997
300 _axv,215p
_ccm.
942 _hX9(L:5):89Q8.73'N9, N7
_cTEXL
_2CC
999 _c775163
_d775163